Представление документа в формате RUSMARC

ПолеНазваниеЗначение
  Тип записи a
  Библиографический уровень a
001 Контрольный номер RU/CBS_Ul/BASE/548266825
005 Дата корректировки 20250124034031.1
100 Данные общей обработки __
a Данные общей обработки 20170516d2017 ||| 0rusy0189 ca
101 Язык документа 0_
a Язык текста rus
102 Страна публикации __
a Страна публикации RU
105 Кодированные данные (монография) __
a Кодированные данные (монография) y###||||000|y
200 Заглавие и сведения об ответственности 1_
a Заглавие Баня в обрядовой жизни мордвы
b Общее обозначение материала Текст
e Сведения, относящиеся к заглавию [быт и обряды мордвы]
f Первые сведения об ответственности Л.И. Никонова, И.А. Кандрина
300 Общие примечания __
a Общие примечания Ограничения по возрасту - 16+
461 Уровень набора _0
1 2000
a Ялгат/Друзья
463 Уровень физической единицы _0
1 001RU/CBS_Ul/BASE/548084272
1 2000
a № 8 (28 апр.)
v С. 3
1 210
d 2017
606 Тематические рубрики 0_
a Основная рубрика Мордва - Этнография
610 Ключевые слова 0_
a Ключевые слова мордва
a Ключевые слова мордовский народ
a Ключевые слова этнография мордовского народа
a Ключевые слова традиции мордовского народа
a Ключевые слова свадебые традиции мордовсого народа
a Ключевые слова хозяйственные постройки мордовского народа
a Ключевые слова обряды
a Ключевые слова обряды мордовского народа
a Ключевые слова обрядовые ритуалы
686 Индексы других классификаций __
a Классификационный индекс 63.5(2Рос=Морд)
2 Код системы ББК
700 Автор _1
a Фамилия Никонова
b Имя (инициалы) Л.И.
g Полное личное имя Имя Отч
701 Альтернативная интеллектуальная ответственность _1
a Фамилия Кандрина
b Имя (инициалы) И.А.
801 Источник записи _0
a Страна RU
b Организация МБУК ЦБС г. Ульяновска
c Дата составления 20170516
g Правила каталогизации RCR
801 Источник записи _1
a Страна RU
b Организация МБУК ЦБС г. Ульяновска
c Дата составления 20170516
g Правила каталогизации RCR
901 Тип документа __
t Тип документа f
w Контрольный № источника RU/CBS_Ul/BASE/548084272
910 Корректоры записи __
a Корректор записи Библиотека 17
938 Служебная информация __
a Имя БД period